15 temmuz gerçekleri/ (Record no. 13761)

MARC details
000 -BAŞLIK
Sabit Uzunlukta Kontrol Alanı 01087nam a22003017a 4500
999 ## - SİSTEM KONTROL NUMARALARI (KOHA)
Koha Biblionumber 13761
Koha Biblioitemnumber 13761
003 - KONTROL NUMARASI IDENTIFIER
Denetim Alanı MIRAKIL
005 - SON İŞLEM TARİHİ VE ZAMANI
Denetim Alanı 20211214000618.0
008 - SABİT-BOY VERİ ELEMANLARI - GENEL BİLGİLER
Sabit Uzunlukta Kontrol Alanı 200210b tu ||||| |||| 00| 0 tur d
020 ## - ULUSLARARASI STANDART KİTAP NUMARASI
Uluslararası Standart Kitap Numarası 9789755339115
040 ## - KATALOGLAMA KAYNAK
Orijinal Kataloglama Ajansı TR-AnCHP
Metne Dönüştürmek Ajansı TR-AnCHP
041 ## - DİL KODU
Metin / Ses Parça Veya Ayrı Başlığın Dil Kodu tur
082 ## - DEWEY ONLU SINIFLANDIRMA NUMARASI
Sınıflandırma Numarası 320.9561
Ürün Numarası E62o 2018
100 ## - ANA GİRİŞ - KİŞİSEL İSİM
Kişisel Ad Erdoğdu, Aykut
245 10 - BAŞLIK TABLOSU
Başlık 15 temmuz gerçekleri/
Başlığın Kalan Aykut Erdoğdu, ... [ ve bşk.] ; yayına haz. Şükrü Küçükşahin; editör Elif Çongur
260 ## - YAYIN, DAĞITIM, VB
Yayın, Dağıtım, Vb Yeri Ankara:
Yayıncı, Dağıtıcı, Vs Adı İmge kitabevi,
Yayın, Dağıtım, Vb Tarihi 2018.
300 ## - FİZİKSEL TANIM
Kapsam 223 s.:
Boyutlar 21 sm.
500 ## - GENEL NOT
Genel Not Yapıt yazarından imzalıdır.
504 ## - KAYNAKÇA VB NOT
Kaynakça Vb Notu Bibliyografik bilgi içermektedir.
650 #0 - KONU KATMA GİRİŞ - TOPİKAL DÖNEM
Topikal Süreli Veya Coğrafi Ad Giriş Elemanı Siyaset ve yönetim
Genel Alt Bölümü Türkiye
Kronolojik Alt Bölümü 2016-
9 (RLIN) 9
650 #0 - KONU KATMA GİRİŞ - TOPİKAL DÖNEM
9 (RLIN) 333
Topikal Süreli Veya Coğrafi Ad Giriş Elemanı Darbeler
Genel Alt Bölümü 15 Temmuz darbe girişimi
Coğrafi Alt Bölümü Türkiye
650 #0 - KONU KATMA GİRİŞ - TOPİKAL DÖNEM
9 (RLIN) 5071
Topikal Süreli Veya Coğrafi Ad Giriş Elemanı Fetö (Fethullahçı Terör Örgütü)
Genel Alt Bölümü Darbe girişimi
Kronolojik Alt Bölümü 15 Temmuz 2016
Coğrafi Alt Bölümü Türkiye
700 1# - KATMA GİRİŞ - KİŞİSEL İSİM
9 (RLIN) 2919
Kişisel Ad Çıray, Aytun
700 1# - KATMA GİRİŞ - KİŞİSEL İSİM
9 (RLIN) 3812
Kişisel Ad Tanrıkulu, Sezgin
700 ## - KATMA GİRİŞ - KİŞİSEL İSİM
9 (RLIN) 6268
Kişisel Ad Emre, Zeynel
700 ## - KATMA GİRİŞ - KİŞİSEL İSİM
9 (RLIN) 6267
Kişisel Ad Küçükşahin, Şükrü
Relator Terim yay. haz.
700 ## - KATMA GİRİŞ - KİŞİSEL İSİM
9 (RLIN) 6269
Kişisel Ad Çongur, Elif
Relator Terim ed.
942 ## - EKLENDİ GİRİŞ ELEMANLARI (KOHA)
Sınıflandırma Veya Raf Düzeni Kaynak Dewey Decimal Classification
Koha Öğesi Türü Books
Holdings
Kalıcı Konum Mevcut Konum Edinme Tarihi Toplam Check-Out'Lar Tam Çağrı Numarası Barkod Tarih Son Görülme İtibaren Geçerli Fiyatlar Koha Öğesi Türü
CHP Kütüphanesi CHP Kütüphanesi 02/10/2020   320.9561 E62o 2018 013549 02/10/2020 02/10/2020 Books